Miesto fotografie v súčasnej kultúre

Bibliographic Details
Main Author: Holent, Peter, 1956- (Author)
Format: Article
Language:Slovak
Subjects:

MARC

LEADER 00000nab a2200000 a 4500
001 vtls000005667
003 SK-MaSNL
005 20260303021208.0
008 160629c1978 xo 0 slo
015 |a SNBRB19rr/mm-uuuuu 
035 |a CL0015760 
040 |a SNKBUCL  |b slo  |c SNKBUCL  |e AACR2 
041 0 |a slo 
044 |a xo  |c SK 
080 |a 77  |2 1981 
080 |a 008  |2 1981 
100 1 |a Holent, Peter,  |d 1956-  |4 aut  |9 174100 
245 1 0 |a Miesto fotografie v súčasnej kultúre  |c Peter Holent 
650 0 7 |a fotografia  |2 snkbucl  |9 1694 
650 0 7 |a kultúra  |2 snkbucl  |9 886 
655 7 |a články z novín a časopisov  |2 snkbucl  |9 267496 
773 0 |t Osvetová práca  |g Roč. 28, č. 14 (1978), s. 21-22 
850 |a Slovenská národná knižnica v Martine  |a MTA001 
852 |a SNK  |b KIS3GCP 
958 |a RK 
992 |a RBX 
999 |c 1621913  |d 1623843